000 01123nam a22002537a 4500
005 2011072000470.0
008 110720t xxu||||| |||| 00| 0 mar d
010 _aMAR-21098
020 _c150.00
035 _aMR-13756
037 _bDBAD/PUB
040 _aDPL
_bMR
082 _a891.46301
100 _aकोत्तापल्ले,नागनाथ
_929738
245 _aदेवाचे डोळे /
_bनागनाथ कोत्तापल्ले
246 _aDewache Dole
_bby Nagnath Kotapalle
260 _aपुणे
_bमधुराज पब्लिकेशन्स
_c2011
270 _a251क,शनिवार पेठ
_bपुणे
_e411030
300 _a156पृ.
_c22सेमी(अजिल्द)
650 _aमराठी कथासंग्रह
_929766
650 _aMarathi Short Stories
_929767
942 _2ddc
_cMR
_h891.46301
_mकोत्ताप
999 _c54122
_d54122